Zgadnij wykonawcę po tytule piosenki #3 - Statystyki

Ogólne statystyki
  • Ten quiz został rozwiązany 77 razy
  • Średni wynik to 11 z 15
Statystyki odpowiedzi
Tytuł Wykonawca % Poprawnych
Billie Jean Michael Jackson
97%
Take on me A-ha
92%
I want to break free Queen
85%
Livin' on a Prayer Bon Jovi
84%
Final Countdown Europe
82%
Material Girl Madonna
82%
You're my heart you're my soul Modern Talking
76%
Wake Me Up Before You Go-Go Wham
71%
Sweet Child O' Mine Guns N' Roses
69%
Every breathe you take The Police
66%
Another brick in the wall Pink Floyd
65%
Forever young Alphaville
60%
Eye of the tiger Survivor
56%
Girls Just Want To Have Fun Cyndi Lauper
50%
Running up that hill Kate Bush
44%
Nie znaleziono quizów pasujących do podanych kryteriów
Rozkład punktacji
Procent ludzi z każdym wynikiem
Percentyl według liczby udzielonych odpowiedzi
Twoja historia wyników
Nie rozwiązałeś tego quizu